Statistics for American Atlantic Coast

Click here to take the quiz!

General Stats

  • This quiz has been taken 24 times
  • The average score is 17 of 18

Answer Stats

Country% Correct
Canada
100%
United States
100%
Colombia
96%
Guyana
96%
Mexico
96%
Nicaragua
96%
Panama
96%
Suriname
96%
Venezuela
96%
Argentina
91%
Belize
91%
Brazil
91%
Costa Rica
91%
France (French Guiana)
91%
Guatemala
91%
Honduras
91%
Uruguay
91%
Chile
87%

Score Distribution

Percentile by Number Answered

Percent of People with Each Score

Your Score History

You have not taken this quiz